Welcome to CU Library Online Public Access Catalogue (OPAC)

Church and Community in the Diocese of Lyon, 1500-1789 (Record no. 5336)

MARC details
000 -LEADER
fixed length control field 00457nam a22001577a 4500
005 - DATE AND TIME OF LATEST TRANSACTION
control field 20250329113958.0
008 - FIXED-LENGTH DATA ELEMENTS--GENERAL INFORMATION
fixed length control field 250329b |||||||| |||| 00| 0 eng d
020 ## - INTERNATIONAL STANDARD BOOK NUMBER
International Standard Book Number 0300031416
050 ## - LIBRARY OF CONGRESS CALL NUMBER
Classification number BR430
Item number .H64 HOF
100 ## - MAIN ENTRY--PERSONAL NAME
Personal name Hoffman Philip T.
245 ## - TITLE STATEMENT
Title Church and Community in the Diocese of Lyon, 1500-1789
Statement of responsibility, etc. Philip T. Hoffman
260 ## - PUBLICATION, DISTRIBUTION, ETC.
Place of publication, distribution, etc. New York
Name of publisher, distributor, etc. Yale University Press
Date of publication, distribution, etc. 1984
300 ## - PHYSICAL DESCRIPTION
Extent x. 239p.
Dimensions 21 cm
650 ## - SUBJECT ADDED ENTRY--TOPICAL TERM
Source of heading or term Theology
942 ## - ADDED ENTRY ELEMENTS (KOHA)
Source of classification or shelving scheme Library of Congress Classification
Koha item type Books
Suppress in OPAC No
999 ## -
-- 5336
-- 5336
Holdings
Withdrawn status Lost status Source of classification or shelving scheme Damaged status Not for loan Collection Home library Current library Shelving location Date acquired Total checkouts Full call number Barcode Date last seen Copy number Price effective from Koha item type
    Library of Congress Classification     Non-fiction Business Library (Miotso) Business Library (Miotso) General stacks 03/29/2025   BR430 .H64 HOF BSSM00001715 03/29/2025 1 03/29/2025 Books
    Library of Congress Classification     Non-fiction Business Library (Miotso) Business Library (Miotso) General stacks 03/29/2025   BR430 .H64 HOF BSSM00001716 03/29/2025 2 03/29/2025 Books
© 2023-2024 Copyright: Central University Libraries. All Rights Reserved | Created by: Mahone Tech Office